000 00721nam a2200265 i 4500
001 C2-0079405
003 PPAK
005 20180727083536.0
008 970429s1991 xxka|||| ||||| | eng d
020 _a1855344556
040 _aPPAK
_beng
_cPPAK
_erda
082 0 4 _a793.73
_223
090 0 0 _a793.73
_bMAN
_dK
100 1 _aManley, Deborah,
_eauthor
245 1 0 _aWord games
264 1 _aNew Lanark, ML :
_bGeddes & Grosset ,
_c1991
300 _a23 pages :
_bcolour illustrations ;
_c20 cm
336 _2rdacontent
_atext
337 _2rdamedia
_aunmediated
338 _2rdacarrier
_avolume
490 1 _aLearning tree 123
650 1 0 _aLiterary recreations
830 0 _aLearning tree 123
942 _ddc
_cB
999 _c13538
_d13538